| 000 | 00919nam a22002417a 4500 | ||
|---|---|---|---|
| 999 |
_c9685 _d9685 |
||
| 005 | 20251125232823.0 | ||
| 008 | s2530 th tha d | ||
| 040 | _aNALT | ||
| 041 | _atha | ||
| 050 | _aDS585 ท234จ 2542 | ||
| 100 | 0 | _aทศ พันธุมเสน | |
| 245 | 1 | 0 | _aจากมหาสงครามสู่สันติภาพ [2530] |
| 260 | 3 |
_aกรุงเทพฯ : _bอักษรสาส์น, _c2530 |
|
| 300 |
_a200 หน้า : _b ภาพประกอบ ; _c 21 ซม. |
||
| 650 | 0 | 4 | _aสงครามเอเชียบูรพา |
| 650 | 0 | 4 | _aสงครามโลก, ค.ศ. 1939--1945 -- งานใต้ดิน -- ไทย |
| 650 | 0 | 4 | _aเสรีไทย |
| 700 | 0 | _aทศ พันธุมเสน | |
| 850 | _aNALT | ||
| 856 | 4 | 0 |
_uhttps://hdl.handle.net/20.500.14156/448434 _71 |
| 942 |
_cGB _2lcc |
||